Detalles MARC
| 000 -LEADER |
| fixed length control field |
02287nam a2200397Ii 4500 |
| 001 - CONTROL NUMBER |
| control field |
DIGRILEDIT0161 |
| 003 - CONTROL NUMBER IDENTIFIER |
| control field |
NyNyDIG |
| 006 - FIXED-LENGTH DATA ELEMENTS--ADDITIONAL MATERIAL CHARACTERISTICS |
| fixed length control field |
m o d |
| 007 - PHYSICAL DESCRIPTION FIXED FIELD--GENERAL INFORMATION |
| fixed length control field |
cr ||||||||||| |
| 008 - FIXED-LENGTH DATA ELEMENTS--GENERAL INFORMATION |
| fixed length control field |
140401s2012 cl ob 000 0 spa d |
| 020 ## - INTERNATIONAL STANDARD BOOK NUMBER |
| Canceled/invalid ISBN |
9789562848541 |
| 035 ## - SYSTEM CONTROL NUMBER |
| System control number |
(OCoLC)844052310 |
| 040 ## - CATALOGING SOURCE |
| Original cataloging agency |
DGITA |
| Language of cataloging |
eng |
| Description conventions |
pn |
| Transcribing agency |
DGITA |
| 050 14 - LIBRARY OF CONGRESS CALL NUMBER |
| Classification number |
BF204.7 eBook |
| 245 00 - TITLE STATEMENT |
| Title |
Cielo azulado : |
| Remainder of title |
psicología y psicoterapia humanista y transpersonal / |
| Statement of responsibility, etc. |
Mauricio Cerda B. (editor). |
| 264 #1 - PRODUCTION, PUBLICATION, DISTRIBUTION, MANUFACTURE, AND COPYRIGHT NOTICE |
| Place of production, publication, distribution, manufacture |
Providencia, Santiago de Chile: |
| Name of producer, publisher, distributor, manufacturer |
RIL editores ; |
| Place of production, publication, distribution, manufacture |
La Serena: Universidad de La Serena, |
| Date of production, publication, distribution, manufacture, or copyright notice |
2012. |
| 300 ## - PHYSICAL DESCRIPTION |
| Extent |
1 online resource (360 pages) |
| 336 ## - CONTENT TYPE |
| Content type term |
text |
| Content type code |
txt |
| Source |
rdacontent |
| 337 ## - MEDIA TYPE |
| Media type term |
computer |
| Media type code |
c |
| Source |
rdamedia |
| 338 ## - CARRIER TYPE |
| Carrier type term |
online resource |
| Carrier type code |
cr |
| Source |
rdacarrier |
| 490 1# - SERIES STATEMENT |
| Series statement |
Bibliodiversidad. |
| 504 ## - BIBLIOGRAPHY, ETC. NOTE |
| Bibliography, etc. note |
Includes bibliographical references |
| 500 ## - GENERAL NOTE |
| General note |
Previously published: Santiago, Chile : Universidad Bolivariana, 2006. |
| 505 0# - FORMATTED CONTENTS NOTE |
| Formatted contents note |
Psicología humanistica y psicología transpersonal: similitudes y diferencias / Mauricio Cerda Beroíza -- De lo humano y lo divino: en el camino de llegar a ser una persona-terapeuta transpersonal / Frida Ringler Accorsi. -- Modelos antropológicos de Carl G. Jung y Carl R. Rogers. Una comparación en la perspectiva de la integración / Marco Antonio Recuero del Solar. -- Empatía desde una perspectiva experiencial / Gabriel Reyes Figueroa -- Herramientas humanísticas y transpersonales: terapia y autoayuda / Alejandro Celis Hiriart -- Psicoterapia en y de pareja / Alex Kalawski Boza y Marisol Susaeta Margullis -- Algunos usos terapéuticos de la fantasía y de técnicas de imaginería en psicoterapia infantil / María Consuelo Martínez Villalba. -- Método de la respiración holotrópica: un reporte clínico / Andrea Poirot Sancho. y Mauricio Cerda Beroíza. |
| 650 #0 - SUBJECT ADDED ENTRY--TOPICAL TERM |
| Topical term or geographic name entry element |
Transpersonal psychology. |
| 650 #0 - SUBJECT ADDED ENTRY--TOPICAL TERM |
| Topical term or geographic name entry element |
Humanistic psychology. |
| 650 #0 - SUBJECT ADDED ENTRY--TOPICAL TERM |
| Topical term or geographic name entry element |
Psychotheraphy. |
| 655 #0 - INDEX TERM--GENRE/FORM |
| Genre/form data or focus term |
Electronic books. |
| 700 1# - ADDED ENTRY--PERSONAL NAME |
| Personal name |
Cerda Beroíza, Mauricio |
| 791 2# - |
| -- |
Digitalia (Firm), |
| -- |
distributor. |
| 793 0# - |
| -- |
Digitalia eBook Collection: |
| -- |
Ril Editores. |
| 830 #0 - SERIES ADDED ENTRY--UNIFORM TITLE |
| Uniform title |
Bibliodiversidad. |
| 856 40 - ELECTRONIC LOCATION AND ACCESS |
| Materials specified |
Digitalia Hispánica |
| Uniform Resource Identifier |
<a href="https://www.digitaliapublishing.com/a/18704/">https://www.digitaliapublishing.com/a/18704/</a> |
| 910 ## - USER-OPTION DATA (OCLC) |
| User-option data |
Premium Collection: 2007-2012 |
| 942 ## - ADDED ENTRY ELEMENTS (KOHA) |
| Koha item type |
Recurso Electrónico |